Normal view
MARC view
Entry Topical Term
001 - CONTROL NUMBER
- control field: 19853
003 - CONTROL NUMBER IDENTIFIER
- control field: OSt
005 - DATE AND TIME OF LATEST TRANSACTION
- control field: 20201225130714.0
008 - FIXED-LENGTH DATA ELEMENTS
- fixed length control field: 201225|| aca||aabn | a|a d
040 ## - CATALOGING SOURCE
- Original cataloging agency: OSt
- Transcribing agency: OSt
150 ## - HEADING--TOPICAL TERM
- Topical term or geographic name entry element: Tax, Modern monetary theory, Social policy, Modern tax theory, Money, Debt, Government
670 ## - SOURCE DATA FOUND
- Source citation: Work cat.: (OSt): Baker, Andrew. and Murphy, Richard. 19852, Modern monetary theory and the changing role of tax in society
